000
00345nam a2200133Ia 4500
008
240116s9999 xx 000 0 und d
082
_a
341.5225491
_b
PAK-M
100
_a
Pakistan law house
245
0
_a
Manuals of Arbitrations Law acts, 1940
260
_a
Pakistan
_b
Pakistan law house
_c
2020
300
_a
312
650
_a
Law
999
_c
35006
_d
35006